| 000 | 01289nam a2200253 a 4500 | ||
|---|---|---|---|
| 001 | 47092 | ||
| 003 | BD-RjUL | ||
| 005 | 20211209054247.0 | ||
| 008 | 160807s1965 nyu b 000 0 eng | ||
| 035 | _a(BD-RjUL)47211 | ||
| 035 | _a(OCoLC)190092 | ||
| 040 |
_aDLC _cODaWU _dOCoLC _dDLC _dBD-RjUL _beng |
||
| 041 | _aeng | ||
| 082 |
_a378.7471 _bCOM 1965 |
||
| 245 | 0 | 2 |
_aA community of scholars; _bthe university seminars at Columbia, _cedited by Frank Tannenbaum. |
| 260 |
_aNew York : _bPraeger, _c1965 |
||
| 300 |
_axii, 177 p. ; _c22 cm. |
||
| 505 | 0 | _aOrigin, growth, and theory of the university seminar movement, by F. Tannenbaum.--A source of spiritual power, by J.H. Randall, Jr.--The rationale, by A. Hofstadter.--The seminars and graduate education, by P.F. Lazarsfeld.--An example of spontaneous administration, by P. Goodman.--The age of the skilled intellectual, by D. Bell.--The seminars and the university, by L.C. Dunn.--A sturdy new institution by M. Mead.--The play of the mind, by P. C. Jessup.--A note of reflection, by G. Seldes.--The potential of the university seminar model, by R. Theobald. | |
| 610 | 2 | 0 |
_aColumbia University _9143417 |
| 650 | 0 |
_aEducation, Higher. _9143415 |
|
| 700 |
_aTannenbaum, Frank _9143416 |
||
| 942 |
_2ddc _cBK |
||
| 999 |
_c47092 _d47092 |
||